000 01066cam a2200325 a 4500
001 4106
003 BD-DhEWU
005 20190312193817.0
008 110604s2003 ii a g 001 0 eng d
020 _a8176496464
035 _a(OCoLC)785115981
040 _aBD-DhEWU
_dBD-DhEWU
_beng
_cBD-DhEWU
041 _aeng
082 0 4 _a331.702
_bINT 2004
100 1 _aMorkes, Andrew
_917187
245 1 0 _aInternational encyclopedia of careers and vocational guidance /
250 _a12th ed.
260 _aNew Delhi :
_bViva Books,
_c2003.
300 _avi, 858 p. :
_bill. ;
_c29 cm.
490 _aEncyclopedia of Careers and Vocational Guidance, 12th Ed.
500 _aSet of 4 Volumes
504 _aIncludes Index
526 _aLibrary
590 _aShaharima Parvin
653 0 0 _aLabor economics
653 0 0 _aVocational guidance Occupations
856 4 2 _3WorldCat details
_uhttps://www.worldcat.org/title/international-encyclopedia-of-careers-and-vocational-guidance/oclc/785115981&referer=brief_results
942 _cREF
_2ddc
999 _c4106
_d4106
999 _c4106
_d4106